[Event "Rheinhausen op"]
[Site "Duisburg"]
[Date "2005.02.11"]
[Round "4"]
[White "Gerken, Mark"]
[Black "Schinske, Eric"]
[Result "1/2-1/2"]
[WhiteElo "1330"]
[BlackElo "1609"]
[PlyCount "90"]
[EventDate "2005.01.07"]
[EventType "swiss"]
[EventRounds "7"]
[EventCountry "GER"]
[SourceTitle "EXT 2006"]
[Source "ChessBase"]
[SourceDate "2005.11.24"]
[SourceVersion "1"]
[SourceVersionDate "2005.11.24"]
[SourceQuality "1"]

1. d4 d6 2. e4 Nf6 3. Nc3 e5 4. dxe5 dxe5 5. Qxd8+ Kxd8 6. Bg5 Be6 7. Nf3 Nbd7 8. Bxf6+ gxf6 9. g3 Nc5 10. Bg2 Bd6 11. Rd1 Ke7 12. 0-0 Rad8 13. Nd5+ Bxd5 14. exd5 Na4 15. Rfe1 b6 16. Nd4 Kf8 17. Nc6 Ra8 18. Re4 Nc5 19. Re2 Kg7 20. Be4 Nxe4 21. Rxe4 Rhe8 22. Rde1 f5 23. R4e3 f6 24. f4 Bc5 25. Kg2 Bxe3 26. Rxe3 exf4 27. Rc3 fxg3 28. hxg3 Re4 29. Kf3 a5 30. a3 Kf7 31. b4 axb4 32. Nxb4 Rxa3 33. Rxa3 Rxb4 34. Rc3 Ke7 35. Rxc7+ Kd6 36. Rxh7 Kxd5 37. Rh4 Re4 38. Rf4 Ke5 39. Rh4 b5 40. c3 Kd5 41. Rh6 Ke5 42. Rh4 Ra4 43. Ke3 Rg4 44. Kf3 Kd5 45. Rh6 Ke6 1/2-1/2

[Event "SJNR-ch U18"]
[Site "Kranenburg"]
[Date "2005.01.03"]
[Round "2"]
[White "Schinske, Eric"]
[Black "Feldhaus, Sebastian"]
[Result "1/2-1/2"]
[WhiteElo "1609"]
[BlackElo "1785"]
[PlyCount "49"]
[EventDate "2005.01.02"]
[EventType "swiss"]
[EventRounds "7"]
[EventCountry "GER"]
[SourceTitle "EXT 2007"]
[Source "ChessBase"]
[SourceDate "2006.11.23"]
[SourceVersion "1"]
[SourceVersionDate "2006.11.23"]
[SourceQuality "1"]

1. Nc3 Nc6 2. e4 e5 3. Nf3 Nf6 4. Nxe5 Nxe4 5. Nxf7 Nxf2 6. Nxd8 Nxd1 7. Nxb7 Nxb2 8. Bxb2 Bxb7 9. Bb5 Bb4 10. Bxc6 Bxc3 11. Bxb7 Bxb2 12. Bxa8 Bxa1 13. Ke2 Ke7 14. Rxa1 Rxa8 15. Ke3 Ke6 16. c3 d5 17. a4 c5 18. d4 cxd4+ 19. cxd4 a5 20. h4 h6 21. g4 g5 22. hxg5 hxg5 23. Kd2 Rc8 24. Rc1 Rxc1 25. Kxc1 1/2-1/2

[Event "GER-chT U16"]
[Site "Dittrichshuette"]
[Date "2004.12.30"]
[Round "6"]
[White "Schinske, Eric"]
[Black "Zeldin, Leonid"]
[Result "1-0"]
[WhiteElo "1694"]
[BlackElo "1817"]
[PlyCount "54"]
[EventDate "2004.12.27"]
[EventType "team"]
[EventRounds "6"]
[EventCountry "GER"]
[SourceTitle "EXT 2006"]
[Source "ChessBase"]
[SourceDate "2005.11.24"]
[SourceVersion "1"]
[SourceVersionDate "2005.11.24"]
[SourceQuality "1"]

1. d4 Nf6 2. c4 e6 3. Nc3 Bb4 4. Qc2 0-0 5. Nf3 d6 6. e3 Nc6 7. Bd2 Re8 8. a3 Bxc3 9. Bxc3 e5 10. dxe5 Nxe5 11. Nxe5 dxe5 12. Rd1 Qe7 13. Be2 Bg4 14. Bxg4 Nxg4 15. Qe4 Qh4 16. g3 Qh3 17. Ke2 Nf6 18. Qxb7 Rab8 19. Qf3 e4 20. Qf4 Qh5+ 21. Kd2 Qc5 22. Bxf6 gxf6 23. Qxf6 Rb6 24. Qc3 Reb8 25. b4 Qf5 26. Ke1 Qf6 27. Qxf6 Rxf6 1-0

[Event "GER-chT U16"]
[Site "Dittrichshuette"]
[Date "2004.12.27"]
[Round "2"]
[White "Mrinski, Evgenij"]
[Black "Schinske, Eric"]
[Result "1/2-1/2"]
[WhiteElo "1792"]
[BlackElo "1694"]
[PlyCount "46"]
[EventDate "2004.12.27"]
[EventType "team"]
[EventRounds "6"]
[EventCountry "GER"]
[SourceTitle "EXT 2006"]
[Source "ChessBase"]
[SourceDate "2005.11.24"]
[SourceVersion "1"]
[SourceVersionDate "2005.11.24"]
[SourceQuality "1"]

1. e4 d6 2. d4 Nf6 3. Nc3 e5 4. dxe5 dxe5 5. Qxd8+ Kxd8 6. Bc4 Be6 7. Bxe6 fxe6 8. Be3 a6 9. 0-0-0+ Nbd7 10. h3 Bd6 11. Nge2 Rf8 12. f4 exf4 13. Nxf4 Ke7 14. Nd3 Rad8 15. Rhf1 Ne5 16. Bf4 Nxd3+ 17. Rxd3 Bxf4+ 18. Rxf4 Rxd3 19. cxd3 g5 20. Rf1 Nh5 21. Rxf8 Kxf8 22. Ne2 Ke7 23. e5 Kd7 1/2-1/2

[Event "Goch op 14th"]
[Site "Goch"]
[Date "2003.10.04"]
[Round "4"]
[White "Hendriks, Sven"]
[Black "Schinske, Eric"]
[Result "0-1"]
[WhiteElo "1564"]
[BlackElo "1325"]
[PlyCount "82"]
[EventDate "2003.10.02"]
[EventType "swiss"]
[EventRounds "7"]
[EventCountry "GER"]
[SourceTitle "EXT 2006"]
[Source "ChessBase"]
[SourceDate "2005.11.24"]
[SourceVersion "1"]
[SourceVersionDate "2005.11.24"]
[SourceQuality "1"]

1. e4 d6 2. d4 Nf6 3. Nc3 g6 4. Bc4 Bg7 5. h3 0-0 6. f4 c6 7. Qf3 Nfd7 8. Be3 e5 9. dxe5 dxe5 10. 0-0-0 exf4 11. Qxf4 Qe7 12. Nge2 Kh8 13. g4 Nb6 14. Bb3 Be6 15. Bd4 Bxb3 16. Bxg7+ Kxg7 17. axb3 N8d7 18. h4 h6 19. g5 h5 20. Qe3 Ne5 21. Rhf1 Nbd7 22. Rd4 Ng4 23. Qd2 Nde5 24. Nf4 Rfd8 25. Rd1 Nf3 26. Rxd8 Nxd2 27. Rxa8 Qe5 28. Nce2 Nxe4 29. Rdd8 Nef6 30. gxf6+ Nxf6 31. Kb1 Qa5 32. Rd1 Qf5 33. Rad8 Qg4 34. R8d4 Qf5 35. Ng3 Qe5 36. Nfe2 a6 37. R4d3 Nd5 38. Rf1 f5 39. Rdf3 Ne3 40. R1f2 Nd1 41. Rg2 Qxb2# 0-1